Name these random UFC fighters - Statistics

General Stats
  • This quiz has been taken 1,847 times
  • The average score is 12 of 16
Answer Stats
Picture Answer % Correct
Nate Diaz
100%
Jon Jones
99%
Jose Aldo
95%
Tony Ferguson
94%
Stipe Miocic
89%
Tyron Woodley
89%
Derrick Lewis
88%
Henry Cejudo
88%
Colby Covington
83%
Robert Whittaker
82%
Dominick Cruz
70%
Darren Till
69%
Cris Cyborg
57%
Jessica Andrade
38%
Jack Hermansson
37%
Ronaldo Souza
33%
No matching quizzes found
Score Distribution
Percent of People with Each Score
Percentile by Number Answered
Your Score History
You have not taken this quiz